000 00370nam a2200157Ia 4500
008 210716s2004 xx 000 0 und d
020 _a8176497177
041 _aeng
082 _a153.43 POKS
100 _aPokras, Sandy.
245 _aTeam problem solving.
250 _a1
260 _aNew Delhi
_bViva Books
_c2004
300 _a132
650 _aGeneral Knowledge
999 _c186224
_d186224